Social problems and social welfare (A) (Record no. 9257)

MARC details
000 -LEADER
fixed length control field 00651cam a2200229ua 4500
008 - FIXED-LENGTH DATA ELEMENTS--GENERAL INFORMATION
fixed length control field 171111n ii |||gr||||Z||||||asm
020 ## - INTERNATIONAL STANDARD BOOK NUMBER
International Standard Book Number 9789383580132
040 ## - CATALOGING SOURCE
Transcribing agency MAIN
041 ## - LANGUAGE CODE
-- asm
082 ## - DEWEY DECIMAL CLASSIFICATION NUMBER
Classification number 361.1
100 ## - MAIN ENTRY--PERSONAL NAME
Personal name Sharma, Dipankar,
Relator term
245 ## - TITLE STATEMENT
Title Social problems and social welfare (A)
Statement of responsibility, etc. By Dipankar Sharma and Swapnajyoti Bora
250 ## - EDITION STATEMENT
Edition statement 1st ed.
260 ## - PUBLICATION, DISTRIBUTION, ETC.
Place of publication, distribution, etc. Guwahati:
Name of publisher, distributor, etc. Shanti educational foundation,
Date of publication, distribution, etc. 2014.
300 ## - PHYSICAL DESCRIPTION
Extent 384p.
700 ## - ADDED ENTRY--PERSONAL NAME
Personal name Bora, Swapnajyoti,
Relator term
942 ## - ADDED ENTRY ELEMENTS (KOHA)
Koha item type Books
653 ## - INDEX TERM--UNCONTROLLED
Uncontrolled term Social problems & social welfare in general
653 ## - INDEX TERM--UNCONTROLLED
Uncontrolled term Samajik samasya
653 ## - INDEX TERM--UNCONTROLLED
Uncontrolled term Samajik kalyan
Holdings
Withdrawn status Lost status Damaged status Not for loan Home library Current library Shelving location Date acquired Total Checkouts Full call number Barcode Date last seen Date last checked out Copy number Price effective from Koha item type Date due
        Central Library, Naharkatiya College Central Library, Naharkatiya College General Stacks 19/09/2020 9 361.1 | SHA 24223 10/08/2021 24/04/2021 1 19/09/2020 Books  
        Central Library, Naharkatiya College Central Library, Naharkatiya College General Stacks 19/09/2020 11 361.1 | SHA 24224 01/11/2021 26/10/2021 3 19/09/2020 Books  
        Central Library, Naharkatiya College Central Library, Naharkatiya College General Stacks 19/09/2020 5 361.1 | SHA 24225 02/03/2021 02/03/2021 2 19/09/2020 Books 17/03/2021
        Central Library, Naharkatiya College Central Library, Naharkatiya College General Stacks 19/09/2020 7 361.1 | SHA 24226 08/11/2021 23/10/2021 4 19/09/2020 Books  
        Central Library, Naharkatiya College Central Library, Naharkatiya College General Stacks 19/09/2020 8 361.1 | SHA 24227 12/11/2021 22/10/2021 5 19/09/2020 Books  

Naharkatiya College © 2020. All rights reserved.

Powered By